000
00285nam a22001337a 4500
008
170131b xxu||||| |||| 00| 0 eng d
020
_a
9780060765323
041
_a
eng
080
_a
61
100
_a
3
101
_a
SHM
245
_a
THE OWNER'S MANUAL
_c
ROIZEN, M.F
942
_2
udc
_c
BK
999
_c
4146
_d
4146